000 00349nam a2200169Ia 4500
100 _aAzodolmolky/Siamak
650 _aSoftware
942 _cRB
366 _f20
654 _aopen flow
245 _aSoftware defined networking with open flow
260 _bPACKT
_c2013
082 _bAZO
300 _a138
546 _aENGLISH
999 _c26100
_d26100